The effects of urban transportation changes (Registro nro. 25765)

Detalles MARC
000 -LEADER
fixed length control field 00374 a2200121 4500
001 - CONTROL NUMBER
control field ART_11714
005 - DATE AND TIME OF LATEST TRANSACTION
control field 20260410161859.0
008 - FIXED-LENGTH DATA ELEMENTS--GENERAL INFORMATION
fixed length control field 260409a
100 1# - MAIN ENTRY--PERSONAL NAME
Personal name Arnott, Richard J.
245 10 - TITLE STATEMENT
Title The effects of urban transportation changes
700 1# - ADDED ENTRY--PERSONAL NAME
Personal name Mac Kinnon, James G.
773 0# - HOST ITEM ENTRY
Title Journal of public economics
Related parts - Vol. 8, Nº 1 (ago. 1977)
Record control number REV11485

No hay ítems disponibles.